Arlotadas (Record no. 137313)

MARC details
000 -LEADER
campo de control de longitud fija 00654nam a2200193 4500
001 - NÚMERO DE CONTROL
campo de control 137313
003 - IDENTIFICADOR DE NÚMERO DE CONTROL
campo de control ES-MaACL
005 - FECHA Y HORA DE LA ÚLTIMA TRANSACCIÓN
campo de control 20230906195341.0
007 - CAMPO FIJO DE DESCRIPCIÓN FÍSICA--INFORMACIÓN GENERAL
campo de control de longitud fija t|
008 - DATOS DE LONGITUD FIJA--INFORMACIÓN GENERAL
campo de control de longitud fija 070214s1944 sp r ||||1| spa d
100 1# - ENTRADA PRINCIPAL--NOMBRE DE PERSONA
Nombre de persona San Cristóbal, Alberto.
9 (RLIN) 102231
245 10 - MENCIÓN DEL TÍTULO
Título Arlotadas
Resto del título : (cuentos y sucedidos vascos) /
Mención de responsabilidad, etc. Alberto San Cristóbal ; con la colaboración de Jesús Ibáñez ; dibujos de Joaquín Guerricagoitia.
250 ## - MENCION DE EDICION
Mención de edición 4ª. ed.
260 ## - PUBLICACIÓN, DISTRIBUCIÓN, ETC.
Lugar de publicación, distribución, etc. Logroño :
Nombre del editor, distribuidor, etc. Ochoa,
Fecha de publicación, distribución, etc. 1944.
300 ## - DESCRIPCIÓN FÍSICA
Extensión 302 p. :
Otras características físicas il. ;
Dimensiones 25 cm.
700 1# - ENTRADA AGREGADA--NOMBRE PERSONAL
Nombre de persona Ibáñez, Jesús.
9 (RLIN) 64906
700 1# - ENTRADA AGREGADA--NOMBRE PERSONAL
Nombre de persona Guerricagoitia, Joaquín.
9 (RLIN) 60591
852 ## - LOCALIZACIÓN
Ubicación ES-MaACL
Número de control de estantería C-18339
Sublocalización o colección R.46690
Holdings
Estatus retirado Estado de pérdida Estado de daño No para préstamo Biblioteca de origen Biblioteca actual Ubicación en estantería Fecha de adquisición Fuente de adquisición Total de préstamos Signatura topográfica completa Código de barras Visto por última vez Precio de reemplazo Tipo de ítem Koha
        Biblioteca del Ateneo de Madrid Biblioteca del Ateneo de Madrid Galería 17/01/2008     C-18339 1142893 23/02/2023 23/02/2023 Libro impreso